000 00888nam a2200277 a 4500
001 000027374
003 DO-SdBNP
005 20211025143309.0
007 ta
008 110331s1978 dr 000 0 spa d
040 _aDO-SdBNP
_bspa
_cBNPHU
049 _aBNPD
082 4 _222
_a155.7
_bG934o
100 1 _aGuerrero Gómez, J. A.
_912725
245 1 0 _aOrigen del hombre :
_bPrimer enfoque psicológico de las causas que produjeron los atributos físio-psicológicos que caracterizan al ser humano /
_cJ. A. Guerrero Gómez.
260 _aSanto Domingo :
_bAlfa y omega,
_c1978.
300 _a318 p. ;
_c21 cm.
590 _aInventariado, 2020/BT
650 1 4 _aPsicología comparada
_912726
650 1 4 _aEvolución
_97386
650 1 4 _aOrigen del ser humano
_912727
650 1 4 _aSexo (psicología)
_9153
650 1 4 _aPlacer
_912728
910 _aBtavárez
942 _2ddc
_cLBS1
999 _c26866
_d26866